书目信息 |
| 题名: |
话说海洋动力资源
|
|
| 作者: | 侍茂崇 编著 | |
| 分册: | ||
| 出版信息: | 广州 广东经济出版社 2014 |
|
| 页数: | 161页 | |
| 开本: | 24cm | |
| 丛书名: | ||
| 单 册: | ||
| 中图分类: | P743-49 | |
| 科图分类: | ||
| 主题词: | 海洋动力资源--Hai Yang Dong Li Zi Yuan--普及读物 | |
| 电子资源: | ||
| ISBN: | 978-7-5454-3520-7 | |
| 000 | 00879nam0 22002411 450 | |
| 001 | 349884 | |
| 005 | 20161010155433.84 | |
| 010 | @a978-7-5454-3520-7@dCNY45.00 | |
| 100 | @a20141201d2014 em y0chiy50 ea | |
| 101 | 0 | @achi |
| 102 | @aCN@b440000 | |
| 105 | @aa z 000yy | |
| 106 | @ar | |
| 200 | 1 | @a话说海洋动力资源@AHua Shuo Hai Yang Dong Li Zi Yuan@f侍茂崇编著 |
| 210 | @a广州@c广东经济出版社@d2014 | |
| 215 | @a161页@c彩照@d24cm | |
| 300 | @a话说中国海洋 资源系列/侍茂崇主编 | |
| 330 | @a本书旨在向全社会普及海洋能源的认识,了解潮汐发电、泥流发电、温差发电、风力发电、浓度差发电等海洋能源利用的原理和前景,以期吸引更多的社会力量加入到这一开发行列来。 | |
| 606 | 0 | @a海洋动力资源@AHai Yang Dong Li Zi Yuan@j普及读物 |
| 690 | @aP743-49@v5 | |
| 701 | 0 | @a侍茂崇@AShi Mao Chong@f(1935.9~)@4编著 |
| 801 | 0 | @aCN@bTANGWEI@20160802 |
| 905 | @b0887245-9@dP743-49@e64@f5 | |
| 话说海洋动力资源/侍茂崇编著 .-广州:广东经济出版社,2014 |
| 161页:彩照;24cm |
| 话说中国海洋 资源系列/侍茂崇主编 |
| ISBN 978-7-5454-3520-7:CNY45.00 |
| 本书旨在向全社会普及海洋能源的认识,了解潮汐发电、泥流发电、温差发电、风力发电、浓度差发电等海洋能源利用的原理和前景,以期吸引更多的社会力量加入到这一开发行列来。 |
| ● |
| 相关链接 |
|
|
|
|
正题名:话说海洋动力资源
索取号:P743-49/64
 
预约/预借
| 序号 | 登录号 | 条形码 | 馆藏地/架位号 | 状态 | 备注 |
| 1 | 0887245 | 208872451 | 第二样本阅览室/ [索取号:P743-49/64] | 在馆 | |
| 2 | 0887246 | 208872460 | 第三借阅区/ [索取号:P743-49/64] | 在馆 | |
| 3 | 0887247 | 208872479 | 第三借阅区/ [索取号:P743-49/64] | 在馆 | |
| 4 | 0887248 | 208872488 | 第三借阅区/ [索取号:P743-49/64] | 在馆 | |
| 5 | 0887249 | 208872497 | 第三借阅区/ [索取号:P743-49/64] | 在馆 |